My Life law and other things (Record no. 1311124)

MARC details
000 -LEADER
fixed length control field 00565nam a2200205Ia 4500
005 - DATE AND TIME OF LATEST TRANSACTION
control field 20250505125023.0
008 - FIXED-LENGTH DATA ELEMENTS--GENERAL INFORMATION
fixed length control field 008 250505s9999 xx 000 0 eng d
037 ## - SOURCE OF ACQUISITION
Stock number Textbook
040 ## - CATALOGING SOURCE
Original cataloging agency LCO
Language of cataloging eng
Transcribing agency LCO
041 ## - LANGUAGE CODE
Language code of text/sound track or separate title eng
Source of code eng
084 ## - COLON CLASSIFICATION NUMBER
Classification number Zw2,M84 L0
Assigning agency LCO
100 ## - MAIN ENTRY--PERSONAL NAME
Personal name Setalvad, Motilal C.
245 #0 - TITLE STATEMENT
Title My Life law and other things
Statement of responsibility, etc. Motilal C. Setalvad
260 ## - PUBLICATION, DISTRIBUTION, ETC.
Place of publication, distribution, etc. Bombay, India
Name of publisher, distributor, etc. N.M. Tripathi Pvt. Ltd
Date of publication, distribution, etc. 1970
300 ## - PHYSICAL DESCRIPTION
Extent 636
365 ## - TRADE PRICE
Price type code INR
Price amount 795
650 ## - SUBJECT ADDED ENTRY--TOPICAL TERM
Topical term or geographic name entry element Law
942 ## - ADDED ENTRY ELEMENTS (KOHA)
Koha item type Textbook
Classification part Zw2,M84 L0
Holdings
Withdrawn status Lost status Damaged status Not for loan Home library Current library Date acquired Source of acquisition Cost, normal purchase price Total Checkouts Full call number Barcode Date last seen Price effective from Koha item type
        Law Centre-I Library Law Centre-I Library 2025-05-05 Satyam Books Pvt. Ltd. 795.00   Zw2,M84 L0 LO1645984 2025-05-05 2025-05-05 Textbook
Copyright @ Delhi University Library System